Reformirovanije vuzovskogo sektora nauki pri perechode k rynočnoj ekonomike.

Charakteristika krízového stavu vysokoškolského sektora ruskej vedy. Náčrt koncepcie programu reformovania vysokoškolského vedeckého sektora v podmienkach prechodu k trhovému hospodárstvu.

Gespeichert in:
Bibliographische Detailangaben
1. Verfasser: Tichonov, A.
Weitere Verfasser: Smirnov, B., Suvorinov, A.
Format: Buchkapitel
Sprache:Russisch
Schlagworte:
Tags: Tag hinzufügen
Keine Tags, Fügen Sie das erste Tag hinzu!

MARC

LEADER 00000naa a2200000 4500
001 r011733
005 20221208123129.6
041 0 |a rus 
044 |a [SU] 
245 1 0 |a Reformirovanije vuzovskogo sektora nauki pri perechode k rynočnoj ekonomike.  |c A. Tichonov, B. Smirnov, A. Suvorinov 
520 |a Charakteristika krízového stavu vysokoškolského sektora ruskej vedy. Náčrt koncepcie programu reformovania vysokoškolského vedeckého sektora v podmienkach prechodu k trhovému hospodárstvu. 
610 2 0 |a reformy školské 
610 2 0 |a školy vysoké 
610 2 0 |a Rusko 
610 2 0 |a veda 
610 2 0 |a transformácia 
610 2 0 |a koncepcie 
100 1 |a Tichonov, A. 
700 1 |a Smirnov, B. 
700 1 |a Suvorinov, A.